000 00646nam a2200241 i 4500
001 C2-0092540
003 PPAK
005 20180727092741.0
008 970511s1990 enk |||| ||||| | eng d
020 _a0435121464
040 _aPPAK
_beng
_cPPAK
_erda
082 0 4 _a823
_223
090 0 0 _a823
_bREM
_dG
100 1 _aRemarque, Erich Maria,
_eauthor
245 1 0 _aAll quiet on the western front
264 1 _aOxford :
_bHeinemann Educational Book ,
_c1990
300 _a248 pages ;
_c19 cm
336 _2rdacontent
_atext
337 _2rdamedia
_aunmediated
338 _2rdacarrier
_avolume
650 1 0 _aEnglish fiction
942 _ddc
_cB
999 _c19779
_d19779